000 01158na a2200289 4500
001 15665
003 MIRAKIL
005 20181213155111.0
008 160920b tu 000 0
035 _a15665
040 _aMilas
_btur
_cTR-AnCHP
082 _a323.09553 2011
_bA93 [2012?]
090 _a323.09553 2011 A93 [2012?]
245 _aAzerbaycan insan hakları raporu 2011
_cİnsan Hakları ve Mazlumlar İçin Dayanışma Derneği (MAZLUMDER) ; hazırlayanlar Şerife Gül Arıman, Üzeyir Yiğit, Abdülkadir Şen
260 _aAnkara
_bMazlumder Genel Merkez
_c[2012?]
300 _a37 s.
_c26 sm.
500 _aAzerbaijan human rights report 2011
650 _aİnsan hakları
_xRaporlar
_y2011
_zAzerbaycan
650 _aİnsan hakları ihlali
_xRaporlar
_xYıllıklar
_y2011
_zAzerbaycan
650 _aHak ve özgürlükler
_xRaporlar
_xYıllıklar
_y2011
_zAzerbaycan
650 _aMedeni haklar
_xRaporlar
_xYıllıklar
_y2011
_zAzerbaycan
700 _aŞen, Abdülkadir
700 _aArıman, Şerife Gül
700 _aYiğit, Üzeyir
710 _aİnsan Hakları ve Mazlumlar İçin Dayanışma Derneği (MAZLUMDER)
942 _2ddc
_cBKS
999 _c6556
_d6556